Responses for show #8041 - Monday, July 22, 2019

Jason Zuffranieri game 2.

Contestants

[<< previous game]

Cristina Somolinos, a forensic scientist from Bordentown, New Jersey

James Pelayo, a tax professional from Torrance, California

Jason Zuffranieri, a math teacher from Albuquerque, New Mexico (whose 1-day cash winnings total $26,600)

[next game >>]

Jeopardy! Round responses

audible SUMMER READING
AT THE BALLPARK
WHAT'D THE CAPTAIN SAY?
ANAGRAMMED HOBBIES
FOR WEDDINGS
A FUNERAL ORATION
    $200 30
the Odyssey

Jason
    $200 19
Wrigley Field

James
    $200 18
to weigh

James
    $200 20
knitting

James
    $200 17
witnesses

Jason
    $200 16
Princess Diana

James
    $400 22
Tina Fey

Jason
    $400 1
Camden Yards (or Oriole Park)

James
    $400 6
a boom

James
    $400 5
pottery

James
    $400 21
the bouquet

Jason
    $400 12
Robert Kennedy

James
    $600 23
(Jules) Verne

Jason
    $600 2
Dodger Stadium

Jason
    $600 7
windward

Jason
    $600 9
brewing

Cristina
    $600 26
(Alex: With less than a minute to go.)

ring bearer

James
    $600 13
(Mickey) Mantle

Jason
    $800 24
[ERRATUM: "Too" is misspelled as "to" in the clue.]

Julie Andrews

James
    $800 3
the Rogers Centre

James
    $800 8
the bitter end

Triple Stumper
    $800 10
snorkeling

Jason
    $800 27
a chuppah

Cristina
    $800 14
New Zealand

James
    $1000 29
Slaughterhouse-Five

Triple Stumper
    $1000 4
Busch Stadium

Jason
    $1000 25
position

James
    $1000 11
taxidermy

James
    $1000 28
a procession, or processional

Triple Stumper
    $2,000 15
(James: What is "first in our hearts"?)

"first in the hearts of his countrymen"

James

Scores at the first commercial break (after clue 15):

Jason James Cristina
$3,600 $2,200 $600

Scores at the end of the Jeopardy! Round:

Jason James Cristina
$5,400 $5,400 $1,400

Double Jeopardy! Round responses

LET'S TALK ABOUT FLAGS
HISTORIC TRANSPORTS
ALLITERATIVE ACTORS & ACTRESSES
POETIC WORDS
THE LIVING WORLD
FROM "C" TO "X"
    $400 2
Delaware

Jason
    $400 15
Courteney Cox

James
    $400 26
(Jason: What is a foreword?)

an epigraph

JasonCristina
    $400 28
hibernation

James
    $400 1
a chatterbox

James
    $800 10
the white flag

Jason
    $800 6
Air Force One

James
    $800 17
Holly Hunter

Jason
    $800 24
couplet

Jason
    $800 16
drought

Jason
    $800 3
the climax

Cristina
    $1200 11
John Wayne

James
    $1200 7
a submarine

James
    $1200 18
Kevin Kline

Cristina
    $5,000 25
(Alex: And we have less than a minute left.)

refrain

Jason
    $1200 20
mitosis

Jason
    $1200 4
complex

Cristina
    $3,000 13
Switzerland

James
    $1600 8
the Graf Zeppelin

Jason
    $1600 19
Michael McKean

James
    $1600 27
assonance

Jason
    $1600 22
shells

Jason
    $1600 5
a codex

James
    $2000 14
Jesse Ventura

Cristina
    $2000 12
the U.S.S. Pueblo

James
    $2000 21
Steven Segal

Jason
    $2000 29
[The end-of-round signal sounds.]

caesura

Jason
    $2000 23
glider

Jason
    $2000 9
circumflex

Jason

Scores at the end of the Double Jeopardy! Round:

Jason James Cristina
$27,600 $18,000 $7,000

[wagering suggestions for these scores]

Final Jeopardy! Round responses

LANDMARKS
(Alex: [To Jason] He was the first European to see [*].)
CristinaWhat is Timbuktu?
$6,789
JamesWhat is Kilimanjaro?
$17,990
JasonWhat is the source of the Nile?
$9,000
Victoria Falls

Final scores:

Jason James Cristina
$18,600 $10 $211
2-day champion: $45,200 3rd place: $1,000 2nd place: $2,000

Game dynamics:

Coryat scores:

Jason James Cristina
$23,800 $18,600 $7,000
24 R
(including 1 DD),
1 W
24 R
(including 1 DD),
1 W
(including 1 DD)
7 R,
0 W

Combined Coryat: $49,400

The J! Archive is created by fans, for fans. The Jeopardy! game show and all elements thereof, including but not limited to copyright and trademark thereto, are the property of Jeopardy Productions, Inc. and are protected under law. This website is not affiliated with, sponsored by, or operated by Jeopardy Productions, Inc. Join the discussion at JBoard.tv.